000 00732nam a2200253 i 4500
001 bg
100 1 _aFIEDOROW, Zofia
245 1 0 _aChoroby roślin uprawnych /
_cZofia Fiedorow, Zbigniew Weber.
260 _aPoznań :
_b"Medix Plus",
_ccop. 1998.
300 _a168 s. :
_bfot. kolor., rys. ;
_c22 cm.
500 _aZawiera wykaz fungicydów stosowanych do zwalczania chorób.
504 _aIndeksy.
650 9 _aRośliny
_xochrona
650 9 _aRośliny uprawne
_xchoroby
655 _aWydawnictwa popularne
700 1 _aWEBER, Zbigniew
020 _a8390567245
040 _cBPK
041 _apl
080 _a632(02.025.2)
920 _a83-905672-4-5
942 _cKS
008 s pl f |000 0 pol
999 _c36352
_d36352
856 _uhttp://koha.tu.koszalin.pl/cgi-bin/koha/opac-detail.pl?biblionumber=36352
_yKatalog online BPK